[Event "Mondiale Lampo FIDE 2017"]
[Site "Riyadh"]
[Date "30.12.2017"]
[Round "16.50"]
[White "Naiditsch, Arkadij"]
[Black "Halkias, Stelios"]
[Result "1-0"]
[WhiteTitle "GM"]
[BlackTitle "GM"]
[WhiteElo "2705"]
[BlackElo "2571"]
[WhiteFideId "4650891"]
[BlackFideId "4201809"]
[EventDate "2017.12.29"]

1. d4 Nf6 2. Bf4 e6 3. e3 d5 4. Nf3 Bd6 5. Nbd2 O-O 6. Bd3 c5 7. dxc5 Bxf4 8.
exf4 Qc7 9. Ne5 Nbd7 10. Ndf3 Nxc5 11. O-O Nfe4 12. b4 Nxd3 13. cxd3 Nd6 14. Rc1
Qb6 15. Qd2 f6 16. Ng4 a5 17. bxa5 Qxa5 18. Qxa5 Rxa5 19. Rc2 Bd7 20. Ne3 Rc8
21. Rb2 Kf7 22. g4 Ke7 23. Re1 Kd8 24. Nd4 Ra4 25. Ne2 Bb5 26. f5 d4 27. Nc2 e5
28. Nb4 Rc5 29. f4 Nf7 30. Ng3 exf4 31. Ne4 Re5 32. Rc1 Ng5 33. Nd6 Kd7 34. Nc4
Bxc4 35. Rxc4 f3 36. Kf2 b5 37. Rxd4+ Ke8 38. Rc2 h5 39. Rc8+ Kf7 40. Rd7+ Re7
41. Rxe7+ Kxe7 42. Nd5+ Kd6 43. Rd8+ Kc5 44. Nc3 Ra3 45. Rc8+ Kb4 46. Nd5+ 1-0

[Event "Mondiale Lampo FIDE 2017"]
[Site "Riyadh"]
[Date "30.12.2017"]
[Round "16.51"]
[White "Al-Modiahki, Mohamad"]
[Black "Short, Nigel D"]
[Result "1/2-1/2"]
[WhiteTitle "GM"]
[BlackTitle "GM"]
[WhiteElo "2542"]
[BlackElo "2678"]
[WhiteFideId "12100030"]
[BlackFideId "400025"]
[EventDate "2017.12.29"]

1. e4 e6 2. Nf3 d5 3. e5 c5 4. b4 cxb4 5. a3 Nc6 6. axb4 Bxb4 7. c3 Be7 8. d4 h5
9. Bd3 Nh6 10. h4 Bd7 11. Bg5 a6 12. Nbd2 Rc8 13. Nb3 g6 14. O-O Rc7 15. Qd2 Nf5
16. Bxf5 gxf5 17. Nc5 Bc8 18. Nd3 Bxg5 19. Nxg5 Ne7 20. Nf4 Ng6 21. Nxg6 fxg6
22. Rfb1 Rc6 23. Rc1 O-O 24. Qf4 Bd7 25. Nf3 Kg7 26. Rab1 b5 27. Ra1 Qe7 28. Nd2
Rfc8 29. Qg3 b4 30. Nf3 Rxc3 31. Rxc3 bxc3 32. Ng5 c2 33. Qe3 Bb5 34. Rc1 Rc6
35. Nh3 a5 36. Nf4 Qxh4 37. Qa3 Kf7 38. g3 Qd8 39. Qb2 Qb6 40. Rxc2 Rxc2 41.
Qxc2 Bd7 42. Qd2 a4 43. Nh3 a3 44. Qg5 a2 45. Qf6+ Ke8 46. Qh8+ Ke7 47. Qf6+ Ke8
48. Qh8+ Ke7 1/2-1/2

[Event "Mondiale Lampo FIDE 2017"]
[Site "Riyadh"]
[Date "30.12.2017"]
[Round "16.52"]
[White "Shytaj, Luca"]
[Black "Ponkratov, Pavel"]
[Result "0-1"]
[WhiteTitle "IM"]
[BlackTitle "GM"]
[WhiteElo "2459"]
[BlackElo "2613"]
[WhiteFideId "812633"]
[BlackFideId "4157800"]
[EventDate "2017.12.29"]

1. b3 a5 2. Bb2 a4 3. e3 Nc6 4. Nf3 e6 5. Be2 Nf6 6. O-O Be7 7. d4 O-O 8. c4 d5
9. bxa4 b6 10. Nc3 Na5 11. Ne5 Bb7 12. Bf3 c6 13. Be2 Nd7 14. f4 Nxe5 15. fxe5
Nxc4 16. Bxc4 dxc4 17. Qg4 c5 18. Rad1 Qc8 19. Ne4 Bxe4 20. Qxe4 cxd4 21. exd4
Rxa4 22. Bc1 c3 23. Qg4 f5 24. exf6 Rxf6 25. Bg5 Rxf1+ 26. Rxf1 Rxd4 27. Qf3 Bc5
28. Qf7+ Kh8 29. Kh1 Qg8 30. Qf3 c2 31. Qe2 h6 32. Bc1 Qh7 33. Qf3 Qd3 34. Qf7
Qxf1+ 0-1

[Event "Mondiale Lampo FIDE 2017"]
[Site "Riyadh"]
[Date "30.12.2017"]
[Round "16.53"]
[White "Kokarev, Dmitry"]
[Black "Sanal, Vahap"]
[Result "1-0"]
[WhiteTitle "GM"]
[BlackTitle "GM"]
[WhiteElo "2615"]
[BlackElo "2551"]
[WhiteFideId "4132181"]
[BlackFideId "6300545"]
[EventDate "2017.12.29"]

1. e4 e5 2. Nf3 Nc6 3. Bb5 a6 4. Ba4 Nf6 5. O-O Be7 6. Bxc6 dxc6 7. d3 Nd7 8. b3
O-O 9. Bb2 f6 10. Nbd2 Re8 11. Kh1 Nf8 12. g3 c5 13. a4 Ne6 14. Nh4 Bd6 15. Nc4
a5 16. Ne3 b6 17. Nhg2 Nd4 18. Qh5 Qe7 19. f4 exf4 20. gxf4 Qf7 21. Qxf7+ Kxf7
22. f5 Bb7 23. Rf2 Nc6 24. Nc4 Ne5 25. Nge3 Bc6 26. Kg2 Nxc4 27. Nxc4 Bf8 28. h4
Bb7 29. h5 Ba6 30. Ne3 Bb7 31. Kh3 Bd6 32. h6 gxh6 33. Ng4 Be7 34. Nxh6+ Kg7 35.
Rg1+ Kxh6 36. Rf4 1-0

[Event "Mondiale Lampo FIDE 2017"]
[Site "Riyadh"]
[Date "30.12.2017"]
[Round "16.54"]
[White "Dervishi, Erald"]
[Black "Lodhi, Mahmood"]
[Result "1-0"]
[WhiteTitle "GM"]
[BlackTitle "IM"]
[WhiteElo "2552"]
[BlackElo "2347"]
[WhiteFideId "4700236"]
[BlackFideId "7800010"]
[EventDate "2017.12.29"]

1. e4 e5 2. Nf3 Nc6 3. Bb5 a6 4. Ba4 g6 5. O-O Bg7 6. c3 Nge7 7. Re1 O-O 8. d3
d5 9. Nbd2 dxe4 10. dxe4 h6 11. Qe2 Be6 12. Nf1 Na5 13. Bc2 b5 14. b3 c5 15. Be3
Qc7 16. h3 Nb7 17. a4 c4 18. b4 Nc6 19. g4 Rfd8 20. Ng3 Ne7 21. Ra2 Nd6 22. Rea1
Qc6 23. Bc5 Rab8 24. axb5 axb5 25. Ra6 Qc7 26. Qe3 Nec8 27. Nh2 Rb7 28. Nhf1 Ne8
29. Qf3 Nf6 30. Ne3 Nh7 31. h4 Qd7 32. Ngf5 gxf5 33. gxf5 Kh8 34. fxe6 fxe6 35.
Rd1 Qe8 36. Rxd8 Qxd8 37. Qg4 Bf6 38. Rxe6 Rg7 39. Bd1 Qg8 40. Qxg7+ Qxg7+ 41.
Kf1 Qf7 42. Bg4 Nf8 43. Rc6 Ne7 44. Rb6 Neg6 45. h5 Nf4 46. Nf5 Kh7 47. Rb8 N8e6
48. Bd6 Ng5 49. Rc8 1-0

[Event "Mondiale Lampo FIDE 2017"]
[Site "Riyadh"]
[Date "30.12.2017"]
[Round "16.55"]
[White "Al-Sayed, Mohammed"]
[Black "Masrahi, Abdulrahman A"]
[Result "1-0"]
[WhiteTitle "GM"]
[BlackTitle "CM"]
[WhiteElo "2511"]
[BlackElo "1962"]
[WhiteFideId "12100196"]
[BlackFideId "21501564"]
[EventDate "2017.12.29"]

1. d4 d5 2. c3 Nf6 3. Bf4 Bf5 4. e3 e6 5. Nd2 c5 6. Ngf3 Qb6 7. Bxb8 Rxb8 8.
Qa4+ Kd8 9. Be2 Bd6 10. O-O Ke7 11. dxc5 Bxc5 12. b4 Bd6 13. a3 Rhc8 14. c4 dxc4
15. Nxc4 Qc6 16. Qxa7 Ra8 17. Qb6 Bc7 18. Qxc6 bxc6 19. Nd4 Be4 20. Rfc1 c5 21.
bxc5 Rcb8 22. Bf3 Bxf3 23. gxf3 Nd5 24. Nc6+ Kd7 25. Nxb8+ Rxb8 26. Rab1 Ra8 27.
Nb6+ Bxb6 28. cxb6 Rb8 29. b7 1-0

[Event "Mondiale Lampo FIDE 2017"]
[Site "Riyadh"]
[Date "30.12.2017"]
[Round "16.56"]
[White "Abdyjapar, Asyl"]
[Black "Malakhatko, Vadim"]
[Result "1-0"]
[WhiteTitle "IM"]
[BlackTitle "GM"]
[WhiteElo "2382"]
[BlackElo "2542"]
[WhiteFideId "13800337"]
[BlackFideId "14104202"]
[EventDate "2017.12.29"]

1. e4 c5 2. b3 b6 3. f4 Bb7 4. Nc3 Nc6 5. Nf3 e6 6. Bb2 a6 7. e5 d5 8. Bd3 Nge7
9. Qe2 b5 10. Qf2 c4 11. Be2 Ng6 12. bxc4 bxc4 13. f5 exf5 14. O-O Be7 15. d4
O-O 16. Bc1 Bc8 17. Kh1 Be6 18. Bd2 f4 19. Bd1 Rb8 20. Ne2 Bf5 21. Nxf4 Nxf4 22.
Bxf4 Rb6 23. a4 Qd7 24. Qg3 Qe6 25. c3 Qg6 26. Qf2 Be4 27. Nd2 Bd3 28. Re1 Rb2
29. Re3 h6 30. Rg3 Bg5 31. h4 Bxh4 32. Rxg6 Bxf2 33. Rxc6 Be1 34. Nf3 Bxc3 35.
Rc1 Bb4 36. Rxa6 Ba3 37. Ra1 Be7 38. a5 Rfb8 39. Ba4 g5 40. Be3 g4 41. Ne1 Be4
42. Rxh6 Rb1 43. Rxb1 Rxb1 44. Bd2 Ra1 45. Bd7 Ra2 46. Bc3 Ra3 47. Bd2 c3 48.
Bf4 Ra1 49. e6 Rxe1+ 50. Kh2 fxe6 51. Bxe6+ Kg7 52. Rh5 Bf6 53. Bxd5 Bxd5 54.
Rxd5 Re4 55. Kg3 Rxd4 56. Rxd4 Bxd4 57. Kxg4 c2 58. a6 Kg6 59. Kf3 Bb6 60. g4
Kf6 61. Ke2 Ke6 62. Kd3 Kd5 63. Kxc2 Ke4 64. Bd6 Kd5 1-0

[Event "Mondiale Lampo FIDE 2017"]
[Site "Riyadh"]
[Date "30.12.2017"]
[Round "16.57"]
[White "Khairat, Ahmed"]
[Black "Al-Saffar, Araz Basim Mohammed S"]
[Result "1-0"]
[WhiteTitle "CM"]
[BlackTitle "IM"]
[WhiteElo "2211"]
[BlackElo "2368"]
[WhiteFideId "10624171"]
[BlackFideId "4801040"]
[EventDate "2017.12.29"]

1. e4 d6 2. d4 Nf6 3. Bd3 g6 4. f4 Bg7 5. Nf3 c5 6. c3 O-O 7. O-O Bg4 8. Be3
Nbd7 9. Nbd2 cxd4 10. cxd4 Rc8 11. h3 Bxf3 12. Qxf3 a6 13. a4 Qb6 14. e5 Ne8 15.
Bc4 e6 16. d5 Qd8 17. dxe6 fxe6 18. Bxe6+ Kh8 19. Ne4 Nxe5 20. Qg3 Nd7 21. Ng5
Qe7 22. Rae1 Nef6 23. f5 Ne5 24. Bd4 Nh5 25. Qh4 Nf3+ 26. Rxf3 Bxd4+ 27. Qxd4+
Nf6 28. fxg6 h6 29. Qh4 Kg7 30. Nh7 Rce8 31. Nxf6 Rxf6 32. Rxf6 Qxf6 33. Qxf6+
Kxf6 34. g7 Kxg7 35. Re2 Kf6 36. Bc4 Rc8 37. b3 Rc5 38. Re6+ Kg5 39. Rxd6 b5 40.
axb5 axb5 41. Rd5+ Rxd5 42. Bxd5 b4 43. Kf2 Kf4 44. g3+ Ke5 45. Bc4 Kd4 46. Kf3
Ke5 47. Kg4 Kf6 48. Kh5 Kg7 49. Bd3 Kh8 50. Kxh6 Kg8 51. g4 Kh8 52. g5 Kg8 53.
g6 Kh8 54. g7+ 1-0

[Event "Mondiale Lampo FIDE 2017"]
[Site "Riyadh"]
[Date "30.12.2017"]
[Round "16.58"]
[White "Saeed, Ishaq"]
[Black "Khader, Sami"]
[Result "0-1"]
[WhiteTitle "FM"]
[BlackTitle "IM"]
[WhiteElo "2434"]
[BlackElo "2392"]
[WhiteFideId "9301453"]
[BlackFideId "8100500"]
[EventDate "2017.12.29"]

1. d4 Nf6 2. c4 g6 3. Nc3 Bg7 4. e4 O-O 5. Be3 d6 6. f3 Nc6 7. Nge2 a6 8. Qd2
Na5 9. Nc1 Nd7 10. b4 Nc6 11. b5 axb5 12. cxb5 Na5 13. Be2 c5 14. bxc6 bxc6 15.
O-O Nb6 16. Bf2 Nbc4 17. Qc2 Bh6 18. Nd1 Ba6 19. Nd3 Bg7 20. Nb4 Na3 21. Qd2
N5c4 22. Qe1 Bb5 23. Nc3 Qd7 24. Rc1 Rfb8 25. Nxb5 cxb5 26. d5 e6 27. Nc6 Re8
28. Bxc4 Nxc4 29. Qb4 exd5 30. exd5 Qf5 31. Qxb5 Ne5 32. Nd4 Qd3 33. a4 Qa3 34.
Nc6 Qxa4 35. Qxa4 Rxa4 36. Bg3 Ra2 37. Rfe1 Rd2 38. f4 Rxd5 39. fxe5 dxe5 40. h3
e4 41. Bf4 g5 42. Be3 h6 43. Rc5 Rd3 44. Bf2 f6 45. Rf5 Kh7 46. Ra5 Rd6 47. Nd4
e3 48. Rxe3 Rb8 49. Nf5 Rd7 50. Bg3 Rb1+ 51. Kh2 Rb2 52. Bd6 Kg6 53. Rd3 Rb6 54.
Rf3 Rbxd6 55. Nxd6 Rxd6 56. Ra7 f5 57. Rb3 Be5+ 58. Kg1 Bd4+ 59. Kf1 Bxa7 60.
Ke2 Re6+ 61. Kf1 f4 62. Rb5 h5 63. Ra5 Bb6 64. Ra6 Rc6 65. Ra2 g4 66. hxg4 hxg4
67. Ke2 Kg5 68. Kd3 Kh4 69. Ke4 Rf6 70. Ke5 Rf8 71. Ra6 Be3 72. Ke4 Kg3 73. Ra2
Re8+ 74. Kd3 Rd8+ 75. Ke4 Rd2 76. Ra3 Rxg2 77. Kf5 Re2 78. Ra4 Kf3 79. Rc4 g3 0-1

[Event "Mondiale Lampo FIDE 2017"]
[Site "Riyadh"]
[Date "30.12.2017"]
[Round "16.59"]
[White "El Adnani, Mokliss"]
[Black "Minko, Vladimir"]
[Result "1-0"]
[WhiteTitle "IM"]
[BlackTitle "IM"]
[WhiteElo "2448"]
[BlackElo "2381"]
[WhiteFideId "9000410"]
[BlackFideId "24146706"]
[EventDate "2017.12.29"]

1. d4 Nf6 2. Nf3 e6 3. g3 c5 4. Bg2 Nc6 5. O-O d5 6. b3 Be7 7. Bb2 O-O 8. Nbd2
Qc7 9. dxc5 Bxc5 10. Bxf6 gxf6 11. e4 d4 12. Nh4 Ne7 13. Kh1 Ng6 14. Qg4 e5 15.
Qh5 Bb4 16. Ndf3 Qxc2 17. Nf5 Bxf5 18. exf5 Ne7 19. g4 Qe4 20. Ng5 Qxg2+ 21.
Kxg2 fxg5 22. Qxg5+ Kh8 23. Qf6+ Kg8 24. a3 Nd5 25. Qxe5 1-0

[Event "Mondiale Lampo FIDE 2017"]
[Site "Riyadh"]
[Date "30.12.2017"]
[Round "16.60"]
[White "Haddouche, Mohamed"]
[Black "Omar, Noaman"]
[Result "0-1"]
[WhiteTitle "GM"]
[BlackTitle "IM"]
[WhiteElo "2505"]
[BlackElo "2364"]
[WhiteFideId "7900660"]
[BlackFideId "9300244"]
[EventDate "2017.12.29"]

1. e4 c6 2. d3 d5 3. Nd2 e5 4. Ngf3 Bd6 5. g3 Nf6 6. Bg2 O-O 7. O-O Bg4 8. h3
Bh5 9. Qe1 Nbd7 10. Nh4 Re8 11. Nf5 Bf8 12. Nb3 a5 13. a4 Qc7 14. Be3 b6 15. c4
dxe4 16. dxe4 Bb4 17. Qc1 Be2 18. Bg5 Bxf1 19. Kxf1 g6 20. Nh6+ Kg7 21. Bf3 Re6
22. Kg2 Rd6 23. h4 Rd3 24. Qc2 Rxf3 25. Kxf3 Nc5 26. Nxc5 Bxc5 27. Rd1 Rd8 28.
Rxd8 Qxd8 29. Ng4 Be7 30. Nxe5 Qc7 31. Qc3 h6 32. Bf4 Qc8 33. Qd3 Qe6 34. c5
bxc5 35. Nc4 Nh5 36. Be5+ Bf6 37. Qc3 Kh7 38. Ke3 Bxe5 39. Nxe5 Nf6 40. f3 h5
41. Nc4 Nd5+ 42. Kd3 Nxc3 43. bxc3 Qd7+ 44. Ke3 Qd8 45. Ne5 Qc7 46. Nc4 Kg7 47.
e5 Qe7 48. f4 Qe6 49. Nd6 Qa2 50. Ne4 Qxa4 51. Nxc5 Qc4 52. Ne4 a4 53. Nd6 Qxc3+
54. Ke4 Qd2 55. Nc8 0-1

[Event "Mondiale Lampo FIDE 2017"]
[Site "Riyadh"]
[Date "30.12.2017"]
[Round "16.61"]
[White "Al Ghamdi, Ahmed M"]
[Black "Tissir, Mohamed"]
[Result "0-1"]
[WhiteTitle "CM"]
[BlackTitle "IM"]
[WhiteElo "2159"]
[BlackElo "2381"]
[WhiteFideId "21500150"]
[BlackFideId "9000240"]
[EventDate "2017.12.29"]

1. e4 c5 2. Nf3 d6 3. d4 cxd4 4. Nxd4 Nf6 5. Nc3 a6 6. f3 e6 7. Be3 b5 8. a4 b4
9. Nb1 e5 10. Nb3 Be6 11. N1d2 d5 12. Bd3 Nbd7 13. O-O Be7 14. Bf2 O-O 15. exd5
Nxd5 16. Be4 Qc7 17. Rc1 Rac8 18. g3 f5 19. Bd3 Nc5 20. Nxc5 Bxc5 21. Bxa6 Rcd8
22. Qe2 Kh8 23. Rfd1 Bxf2+ 24. Qxf2 e4 25. Nf1 f4 26. fxe4 fxg3 27. hxg3 Rxf2
28. Kxf2 Qb6+ 29. Kg2 Qxa6 30. exd5 Qe2+ 31. Kg1 Rxd5 32. Re1 Qg4 33. Re3 h6 34.
Rce1 Rd6 35. Nh2 Qd4 36. Nf3 Qb6 37. Kh2 Bd5 38. Ne5 Kh7 39. Nd3 Rf6 40. Nf4 Bc6
41. b3 Qc5 42. R1e2 Rxf4 43. gxf4 Qh5+ 44. Kg3 Qh1 45. f5 Qg1+ 46. Kf4 Qg5+ 47.
Ke5 Qe7+ 48. Kf4 Qd6+ 49. Re5 Qd4+ 50. Kg3 h5 51. R2e3 Qg4+ 52. Kf2 Qg2+ 53. Ke1
Bf3 54. f6 Qg1+ 55. Kd2 Qd1# 0-1

[Event "Mondiale Lampo FIDE 2017"]
[Site "Riyadh"]
[Date "30.12.2017"]
[Round "16.62"]
[White "Samhouri, A."]
[Black "Amer, Said Salim Al Maashani"]
[Result "1-0"]
[WhiteTitle "FM"]
[BlackTitle "FM"]
[WhiteElo "2355"]
[BlackElo "2103"]
[WhiteFideId "8100640"]
[BlackFideId "22000100"]
[EventDate "2017.12.29"]

1. e4 c5 2. Nf3 Nc6 3. Nc3 e5 4. Bc4 Be7 5. d3 Nf6 6. Nd2 d6 7. Nf1 Bg4 8. f3
Be6 9. Ne3 O-O 10. O-O a6 11. Ncd5 b5 12. Nxf6+ Bxf6 13. Bd5 Qb6 14. Kh1 Rac8
15. c3 a5 16. a4 b4 17. Qb3 Bxd5 18. Nxd5 Qd8 19. Be3 Bg5 20. Bf2 Kh8 21. Qc2
Ne7 22. Nxe7 Qxe7 23. Rad1 Qe6 24. Rfe1 f5 25. exf5 Qxf5 26. Qb3 Rf6 27. Qd5 Rh6
28. Qe4 Qf7 29. Bg3 Rf6 30. d4 exd4 31. cxd4 c4 32. d5 Bf4 33. Bxf4 Rxf4 34. Qe3
c3 35. bxc3 bxc3 36. Rc1 Rf6 37. Rxc3 Rxc3 38. Qxc3 h6 39. Qxa5 Rxf3 40. Qd8+
Kh7 41. Qe8 Qxe8 42. Rxe8 Rf1# 1-0

[Event "Mondiale Lampo FIDE 2017"]
[Site "Riyadh"]
[Date "30.12.2017"]
[Round "16.63"]
[White "Al Mahmood, Salman"]
[Black "Al Zamel, Khaled"]
[Result "1/2-1/2"]
[WhiteElo "1593"]
[BlackElo "1942"]
[WhiteFideId "11201517"]
[BlackFideId "21500967"]
[EventDate "2017.12.29"]

1. e4 c6 2. d4 d6 3. Nf3 Qc7 4. Bc4 Nf6 5. Nc3 Bg4 6. Bg5 Nbd7 7. O-O e5 8. dxe5
Nxe5 9. Be2 Nxf3+ 10. Bxf3 Bxf3 11. Qxf3 Be7 12. Rad1 O-O 13. Qf4 Rad8 14. Rfe1
h6 15. Bxf6 Bxf6 16. Rd3 Rfe8 17. Red1 Be5 18. Qf3 Qe7 19. Re1 b5 20. a3 a5 21.
b3 Qb7 22. Ne2 c5 23. c4 b4 24. a4 Bf6 25. Red1 Qxe4 26. Qxe4 Rxe4 27. Ng3 Re6
28. Kf1 Be5 29. Kg1 Bxg3 30. hxg3 Kf8 31. Rd5 Ke7 32. Kh2 Re2 33. R1d2 Rxd2 34.
Rxd2 f5 35. Rd5 Kf6 36. Kg1 Ke6 37. Kf1 Rf8 38. Ke2 f4 39. gxf4 Rxf4 40. f3 Rf5
41. Rd2 Ke5 42. Rd5+ Ke6 43. Rd2 Re5+ 44. Kf2 Kf5 45. Rc2 g5 46. Rd2 Re6 47.
Rd5+ Kf6 48. Rd2 h5 49. Rd5 Kg6 50. Rd2 g4 51. f4 Kf5 52. g3 Ke4 53. Re2+ Kf5
54. Rd2 Rh6 55. Rd5+ Kf6 56. Rxd6+ Kg7 57. Rd5 Rc6 58. Rxh5 Kg6 59. Rg5+ Kf6 60.
Rxg4 Rd6 61. Rg5 Rd2+ 62. Kf3 Rb2 63. Rxc5 Rxb3+ 64. Kg4 Ra3 65. Rxa5 Rc3 66.
Rc5 Ra3 67. a5 b3 68. Rb5 b2 69. Rxb2 Rxa5 70. Rb6+ Kg7 71. f5 Rc5 72. Rb4 Kf6
73. Rb6+ Ke5 74. Rb4 Kf6 75. Kf4 Rc6 76. g4 Kg7 77. Kg5 Rc7 78. f6+ Kf7 79. Rb6
Rc5+ 80. Kf4 Rxc4+ 81. Kf5 Rc5+ 82. Kf4 Rc4+ 83. Kg5 Rc5+ 84. Kh4 Kg6 85. Re6
Rc2 86. Kg3 Rc3+ 87. Kf4 Rc4+ 88. Re4 Rc6 89. g5 Rc5 90. Re5 Rc4+ 91. Re4 Rc1
92. Ke5 Rg1 93. Ke6 Rxg5 94. f7 Rf5 95. Ke7 Rxf7+ 96. Kd6 Rf8 97. Kd5 Kf5 98.
Ra4 Rd8+ 99. Kc6 Ke6 100. Re4+ Kf5 101. Ra4 Rc8+ 102. Kd6 Rc1 103. Ra5+ 1/2-1/2

[Event "Mondiale Lampo FIDE 2017"]
[Site "Riyadh"]
[Date "30.12.2017"]
[Round "16.64"]
[White "Al-Hajiri, Bader"]
[Black "Farhan, Marwan Ali"]
[Result "0-1"]
[WhiteTitle "FM"]
[WhiteElo "2165"]
[BlackElo "1975"]
[WhiteFideId "10300163"]
[BlackFideId "9401652"]
[EventDate "2017.12.29"]

1. e4 c5 2. Nf3 e6 3. d4 cxd4 4. Nxd4 Nc6 5. Nc3 a6 6. Be3 Nf6 7. Be2 Bb4 8. O-O
O-O 9. f3 d5 10. Nxc6 bxc6 11. e5 Nd7 12. f4 c5 13. a3 Ba5 14. Bf2 Bb6 15. Kh1
c4 16. Bd4 Rb8 17. Na4 Bxd4 18. Qxd4 Nb6 19. Nc5 Qc7 20. b4 cxb3 21. cxb3 a5 22.
Rac1 Qd8 23. Rc2 Nd7 24. Rfc1 Nxc5 25. Rxc5 Qb6 26. b4 axb4 27. axb4 Bd7 28. b5
Rbc8 29. h3 Rxc5 30. Qxc5 Qb8 31. Qc7 Rd8 32. b6 Kf8 33. Ba6 Ke8 34. Kg1 Ke7 35.
Kf2 Ke8 36. Ke3 Qa8 37. b7 Qxa6 38. b8=Q Rxb8 39. Qxb8+ Ke7 40. Qb4+ Ke8 41. Rc7
Qa2 42. Qc3 Qa4 43. Kf2 Qxf4+ 44. Kg1 Qe4 45. Qc1 0-1

[Event "Mondiale Lampo FIDE 2017"]
[Site "Riyadh"]
[Date "30.12.2017"]
[Round "16.65"]
[White "Lam, Daniel King-wai"]
[Black "Miswadah, Baha"]
[Result "1-0"]
[WhiteTitle "FM"]
[WhiteElo "2222"]
[BlackElo "1877"]
[WhiteFideId "6001238"]
[BlackFideId "11502118"]
[EventDate "2017.12.29"]

1. e4 c5 2. Nf3 e6 3. d4 cxd4 4. Nxd4 a6 5. Bd3 Qc7 6. O-O Nc6 7. Nxc6 dxc6 8.
f4 c5 9. Qe2 b5 10. c3 c4 11. Bc2 Bb7 12. Be3 Bc5 13. Nd2 Ne7 14. Nf3 Bxe3+ 15.
Qxe3 Rd8 16. Rad1 O-O 17. Ne5 Ng6 18. Nxg6 hxg6 19. Rde1 Qd6 20. Rf2 Qc6 21. Qg3
Rd7 22. f5 exf5 23. exf5 Rfd8 24. fxg6 fxg6 25. Bxg6 Qc5 26. Qh3 Qxf2+ 27. Kxf2
Rd2+ 28. Re2 Rf8+ 29. Ke1 Rxe2+ 30. Kxe2 Rf6 31. Qh7+ Kf8 32. Qh8+ Ke7 33. Qxg7+
Ke6 34. Qxb7 Rxg6 35. Qxa6+ Kf7 36. Qxg6+ Kxg6 37. Ke3 Kf5 38. Kd4 Ke6 39. Kc5
Ke5 40. Kxb5 Kd5 41. h4 Ke5 42. Kxc4 Kf4 43. h5 Kg5 44. g4 Kh6 45. a4 Kg7 46.
Kd5 Kf6 47. b4 Kg5 48. Kc6 Kh6 49. Kb7 Kg7 50. g5 Kh7 51. a5 Kg7 52. a6 Kh7 53.
a7 Kg7 54. a8=Q Kh7 55. Qd8 Kg7 56. Qf6+ Kg8 57. Qe7 Kh8 58. c4 Kg8 59. c5 Kh8
60. c6 Kg8 61. c7 1-0

[Event "Mondiale Lampo FIDE 2017"]
[Site "Riyadh"]
[Date "30.12.2017"]
[Round "16.66"]
[White "Bukannan, Ahmed A"]
[Black "Al Abdali, Zeyad Saleh"]
[Result "1-0"]
[WhiteElo "1929"]
[BlackElo "1801"]
[WhiteFideId "21504164"]
[BlackFideId "21501505"]
[EventDate "2017.12.29"]

1. Nf3 Nf6 2. b3 d6 3. Bb2 e5 4. e3 c6 5. g3 Bg4 6. h3 Be6 7. Bg2 Qc7 8. d4 Nbd7
9. Qe2 e4 10. Ng5 d5 11. Nxe6 fxe6 12. Nd2 Be7 13. c4 a5 14. O-O O-O 15. Rac1
Rac8 16. Rfd1 Qb8 17. c5 b6 18. cxb6 Qxb6 19. Rb1 Bd6 20. Nf1 e5 21. Nh2 exd4
22. Bxd4 Qb7 23. Qd2 Ra8 24. Rdc1 Be5 25. Qc3 Bxd4 26. Qxd4 c5 27. Qd2 Rfc8 28.
Bf1 Ne5 29. Be2 Qf7 30. Rc2 h6 31. Rbc1 c4 32. bxc4 dxc4 33. Rb1 Nd3 34. Bf1 Nh5
35. Rb5 Nf6 36. Rxa5 Rxa5 37. Qxa5 Qb7 38. Qf5 Rc5 39. Qe6+ Kh8 40. Rxc4 Rxc4
41. Qxc4 Qb2 42. Bxd3 exd3 43. Qxd3 Qxa2 44. Qd8+ Kh7 45. Qd3+ Kg8 46. Nf3 Qa1+
47. Kg2 Qa8 48. Qc4+ Kh8 49. g4 Qb7 50. Qd4 Ne4 51. Qe5 Ng5 52. Qf4 Ne4 53. Qf8+
Kh7 54. Qf5+ Kg8 55. h4 Nf6 56. g5 hxg5 57. hxg5 Ne4 58. g6 Nd6 59. Qe6+ Kf8 60.
Qxd6+ Ke8 61. Qd4 Kf8 62. Qf4+ Kg8 63. Kg3 Qc6 64. Qf7+ 1-0

[Event "Mondiale Lampo FIDE 2017"]
[Site "Riyadh"]
[Date "30.12.2017"]
[Round "16.67"]
[White "Alem, Ali Hussien"]
[Black "Salama, Taher"]
[Result "1-0"]
[WhiteElo "1745"]
[BlackElo "1769"]
[WhiteFideId "21500088"]
[BlackFideId "11502231"]
[EventDate "2017.12.29"]

1. Nf3 Nf6 2. g3 d5 3. Bg2 b6 4. d3 Bb7 5. O-O Nbd7 6. Nbd2 e5 7. c3 Be7 8. Qc2
Rc8 9. Qa4 a6 10. Nxe5 b5 11. Qd4 c5 12. Qf4 Bd6 13. Qg5 Nxe5 14. Qxg7 Rg8 15.
Qh6 Rg6 16. Qe3 Kf8 17. c4 d4 18. Qf4 Nh5 19. Qf5 Bxg2 20. Kxg2 Rg7 21. Ne4 Bb8
22. f4 Ng4 23. Qxh5 Ne3+ 24. Bxe3 dxe3 25. Ng5 Kg8 26. f5 Qf6 27. Ne4 Qe5 28.
Rf3 Rc6 29. Qh4 f6 30. Raf1 Rcc7 31. Rxe3 Qe8 32. Nxf6+ Kf7 33. Nxe8 Rd7 34.
Nxg7 1-0

[Event "Mondiale Lampo FIDE 2017"]
[Site "Riyadh"]
[Date "30.12.2017"]
[Round "16.68"]
[White "Al Jabri, Mohammed Ali"]
[Black "Al Saidi, Mohammed Khalfan"]
[Result "0-1"]
[WhiteElo "2154"]
[BlackElo "1468"]
[WhiteFideId "7604734"]
[BlackFideId "22001271"]
[EventDate "2017.12.29"]

1. e4 e5 2. Nf3 Nc6 3. Bc4 f5 4. d3 Nf6 5. O-O Bc5 6. c3 Na5 7. Bb5 c6 8. Ba4 b5
9. Bc2 Bb6 10. Nxe5 O-O 11. b4 Nb7 12. exf5 d5 13. d4 Nd6 14. Nxc6 Qe8 15. Re1
Qxc6 16. Qf3 Nfe4 17. Bb3 Rxf5 18. Qg4 Nxf2 19. Qh4 Bd7 20. Bb2 Nfe4 21. Na3
Raf8 22. Re2 Nxc3 23. Rd2 Nce4 24. Rd3 Kh8 25. h3 Nc4 26. Rc1 Qe6 27. Rc2 Nxb2
28. Rxb2 Qf6 29. Rb1 Qxh4 30. Bxd5 Rxd5 0-1

[Event "Mondiale Lampo FIDE 2017"]
[Site "Riyadh"]
[Date "30.12.2017"]
[Round "16.69"]
[White "Al Habeeb, Emad"]
[Black "Alanazy, Mohammed"]
[Result "0-1"]
[WhiteElo "1933"]
[BlackElo "1850"]
[WhiteFideId "21500029"]
[BlackFideId "21508488"]
[EventDate "2017.12.29"]

1. d4 d5 2. c4 dxc4 3. Nc3 Bf5 4. e4 Bg6 5. Bxc4 c6 6. Nf3 Nd7 7. O-O e6 8. e5
Bh5 9. Be2 Nb6 10. Be3 Ne7 11. Qd2 Ned5 12. Nxd5 Nxd5 13. Rad1 Be7 14. h3 O-O
15. Nh2 Bb4 16. Qc2 Nxe3 17. fxe3 Bxe2 18. Qxe2 c5 19. dxc5 Qc7 20. a3 Bxc5 21.
Nf3 Bb6 22. Rd6 Qc5 23. Rd3 Rad8 24. Rfd1 Rxd3 25. Qxd3 Qxe3+ 26. Qxe3 Bxe3+ 27.
Kf1 a5 28. Ke2 Bc5 29. Rd7 b6 30. Kd3 Rc8 31. Ng5 Rf8 32. Kc4 h6 33. Ne4 Be3 34.
Nd6 f6 35. exf6 gxf6 36. Re7 e5 37. Kd5 Bd4 38. Ke6 Bxb2 39. Nf5 Bxa3 40. Nxh6+
Kh8 41. Nf5 Bxe7 42. Nxe7 Re8 43. Kxf6 Rxe7 0-1

[Event "Mondiale Lampo FIDE 2017"]
[Site "Riyadh"]
[Date "30.12.2017"]
[Round "17.1"]
[White "Petrosian, Tigran L."]
[Black "Carlsen, Magnus"]
[Result "0-1"]
[WhiteTitle "GM"]
[BlackTitle "GM"]
[WhiteElo "2601"]
[BlackElo "2837"]
[WhiteFideId "13301616"]
[BlackFideId "1503014"]
[EventDate "2017.12.29"]

1. Nf3 c5 2. g3 g6 3. Bg2 Bg7 4. O-O Nc6 5. e4 d6 6. d3 e5 7. c3 Nge7 8. a3 O-O
9. b4 a6 10. Nbd2 Be6 11. Ng5 Bd7 12. Nc4 h6 13. Nxd6 hxg5 14. Nxb7 Qc8 15. Nxc5
g4 16. Bg5 Re8 17. Qb3 Nd8 18. Be3 Ne6 19. Rfd1 Nxc5 20. Bxc5 Be6 21. Qa4 Nc6
22. d4 Bc4 23. d5 Nb8 24. Bf1 Bxf1 25. Rxf1 Nd7 26. Be3 Nf6 27. Qb3 Nxe4 28. c4
Qf5 29. Rac1 Bf6 30. c5 Kg7 31. f3 Ng5 32. Bxg5 Bxg5 33. Rce1 gxf3 34. Rxf3 Qd7
35. d6 e4 36. Qc3+ Kg8 37. Rf2 e3 38. Rf3 Qc6 39. Kg2 Qd5 40. Re2 a5 41. h4 axb4
42. axb4 Ra2 43. Qe1 Rxe2+ 44. Qxe2 Ra8 45. Kh3 Ra2 46. Qf1 e2 47. Qf2 Qe6+ 0-1